<?xml version="1.0" encoding="UTF-8"?>
<record
    xmlns:xsi="http://www.w3.org/2001/XMLSchema-instance"
    xsi:schemaLocation="http://www.loc.gov/MARC21/slim http://www.loc.gov/standards/marcxml/schema/MARC21slim.xsd"
    xmlns="http://www.loc.gov/MARC21/slim">

  <leader>02166nas a2200289 i 4500</leader>
  <controlfield tag="005">20260427150433.0</controlfield>
  <controlfield tag="007">ta</controlfield>
  <controlfield tag="008">260427e2025    dr fn|p|r||||||0| | spa d</controlfield>
  <datafield tag="022" ind1=" " ind2=" ">
    <subfield code="a">3060-9704</subfield>
  </datafield>
  <datafield tag="022" ind1=" " ind2=" ">
    <subfield code="a">E-3060-9712</subfield>
  </datafield>
  <datafield tag="040" ind1=" " ind2=" ">
    <subfield code="a">AGN</subfield>
    <subfield code="b">spa</subfield>
    <subfield code="c">AGN</subfield>
    <subfield code="d">DO-SdBNP</subfield>
    <subfield code="e">rda</subfield>
  </datafield>
  <datafield tag="041" ind1=" " ind2=" ">
    <subfield code="a">spa</subfield>
  </datafield>
  <datafield tag="110" ind1=" " ind2=" ">
    <subfield code="a">Universidad Aut&#xF3;noma de Santo Domingo UASD, Facultad de Artes</subfield>
    <subfield code="9">89419</subfield>
  </datafield>
  <datafield tag="245" ind1=" " ind2=" ">
    <subfield code="a">In Artes. Revista de Investigaci&#xF3;n Art&#xED;stica de la Facultad de Artes de la UASD /</subfield>
    <subfield code="c">Universidad Aut&#xF3;noma de Santo Domingo, Facultad de Artes.</subfield>
  </datafield>
  <datafield tag="264" ind1=" " ind2=" ">
    <subfield code="a">Santo Domingo, Rep&#xFA;blica Dominicana :</subfield>
    <subfield code="b">Universidad Aut&#xF3;noma de Santo Domingo UASD, </subfield>
    <subfield code="c">2025. </subfield>
  </datafield>
  <datafield tag="300" ind1=" " ind2=" ">
    <subfield code="a">volumen : </subfield>
    <subfield code="b">ilustraciones, fotograf&#xED;as, pinturas, tablas ; </subfield>
    <subfield code="c">30.5 cm.</subfield>
  </datafield>
  <datafield tag="310" ind1=" " ind2=" ">
    <subfield code="a">Semestral.</subfield>
  </datafield>
  <datafield tag="336" ind1=" " ind2=" ">
    <subfield code="a">texto </subfield>
    <subfield code="b">txt </subfield>
    <subfield code="2">rdacontent </subfield>
  </datafield>
  <datafield tag="337" ind1=" " ind2=" ">
    <subfield code="a">sin mediaci&#xF3;n </subfield>
    <subfield code="b">n </subfield>
    <subfield code="2">rdamedia</subfield>
  </datafield>
  <datafield tag="338" ind1=" " ind2=" ">
    <subfield code="a">volumen </subfield>
    <subfield code="b">nc </subfield>
    <subfield code="2">rdacarrier</subfield>
  </datafield>
  <datafield tag="362" ind1=" " ind2=" ">
    <subfield code="a">A&#xF1;o 2. No. 2 (febrero-agosto 2025).</subfield>
  </datafield>
  <datafield tag="500" ind1=" " ind2=" ">
    <subfield code="a">Catalogaci&#xF3;n basada en el A&#xF1;o 2. No. 2 (febrero-agosto 2025).</subfield>
  </datafield>
  <datafield tag="500" ind1=" " ind2=" ">
    <subfield code="a">La revista In Artes es el &#xF3;rgano oficial de comunicaci&#xF3;n del Instituto de Investigaci&#xF3;n de las Artes de la Facultada de Artes de la Universidad Aut&#xF3;noma de Santo Domingo.</subfield>
  </datafield>
  <datafield tag="520" ind1=" " ind2=" ">
    <subfield code="a">InArtes tendr&#xE1; una periodicidad semestral y estar&#xE1; disponible en formato f&#xED;sico y digital. La revista cuenta con un Consejo Editorial integrado por la decana Arelis Subero, el vicedecano Dr. Fidel Munnigh, los doctores Odal&#xED;s G. P&#xE9;rez y Fabio Abreu, y el maestro Plinio Chah&#xED;n. "En nuestro plan de gesti&#xF3;n, desde la direcci&#xF3;n del Decanato, el Consejo Directivo, la Direcci&#xF3;n de Investigaci&#xF3;n y el Instituto de Investigaci&#xF3;n de las Artes (INARTES), asumimos el compromiso de promover la investigaci&#xF3;n como eje acad&#xE9;mico dentro de nuestro cuerpo docente. Esta iniciativa busca difundir el conocimiento art&#xED;stico a trav&#xE9;s de trabajos de alta calidad que vinculen tem&#xE1;ticas de inter&#xE9;s con referencias conceptuales, te&#xF3;ricas y anal&#xED;ticas, consolidando as&#xED; un sistema y una pr&#xE1;ctica de investigaci&#xF3;n en las artes".</subfield>
  </datafield>
  <datafield tag="650" ind1=" " ind2="0">
    <subfield code="a">Artes</subfield>
    <subfield code="v">Publicaciones peri&#xF3;dicas </subfield>
    <subfield code="x">Investigaciones</subfield>
    <subfield code="9">31065</subfield>
    <subfield code="z">Rep&#xFA;blica Dominicana</subfield>
  </datafield>
  <datafield tag="942" ind1=" " ind2=" ">
    <subfield code="2">ddc</subfield>
    <subfield code="c">ISSUE</subfield>
  </datafield>
  <datafield tag="952" ind1=" " ind2=" ">
    <subfield code="0">0</subfield>
    <subfield code="1">0</subfield>
    <subfield code="2">ddc</subfield>
    <subfield code="4">0</subfield>
    <subfield code="5">6</subfield>
    <subfield code="7">0</subfield>
    <subfield code="8">SE</subfield>
    <subfield code="a">BNPHU</subfield>
    <subfield code="b">BNPHU</subfield>
    <subfield code="d">2026-04-27</subfield>
    <subfield code="h">A&#xF1;o 2. No. 2 (febrero-agosto 2025)</subfield>
    <subfield code="l">0</subfield>
    <subfield code="p">2026-3247</subfield>
    <subfield code="r">2026-04-27</subfield>
    <subfield code="t">e.1</subfield>
    <subfield code="w">2026-04-27</subfield>
    <subfield code="y">ISSUE</subfield>
    <subfield code="z">Disponible para consulta en: Hemeroteca.</subfield>
  </datafield>
  <datafield tag="999" ind1=" " ind2=" ">
    <subfield code="c">60627</subfield>
    <subfield code="d">60627</subfield>
  </datafield>
</record>
